Statistics for Country by City "M"

Click here to take the quiz!

General Stats

  • This quiz has been taken 63 times
  • The average score is 25 of 30

Answer Stats

CityCountry% Correct
MunichGermany
100%
ManilaPhilippines
100%
MoscowRussia
100%
MadridSpain
100%
ManchesterUnited Kingdom
100%
MinneapolisUnited States
100%
MelbourneAustralia
98%
MontrealCanada
98%
MumbaiIndia
98%
Mexico CityMexico
98%
MilanItaly
96%
MalmoSweden
93%
MacauChina
91%
MogadisuSomalia
91%
MinskBelarus
89%
MaastrichtNetherlands
89%
MontevideoUruguay
87%
MombasaKenya
85%
MosulIraq
83%
MedinaSaudi Arabia
81%
ManaguaNicaragua
78%
MuscatOman
78%
MedellinColombia
76%
MonroviaLiberia
74%
ManausBrazil
72%
ManamaBahrain
67%
MaputoMozambique
67%
MbabaneSwaziland
56%
MandalayMyanmar
50%
MostarBosnia and Herzegovina
46%

Score Distribution

Percentile by Number Answered

Percent of People with Each Score

Your Score History

You have not taken this quiz